书目信息 |
| 题名: |
李煜词集
|
|
| 作者: | 李煜 著 | |
| 分册: | ||
| 出版信息: | 上海 上海古籍出版社 2014.01 |
|
| 页数: | 175页 | |
| 开本: | 19cm | |
| 丛书名: | ||
| 单 册: | ||
| 中图分类: | I222.843.2 | |
| 科图分类: | ||
| 主题词: | 词(文学)--作品集--中国--南唐 , 词(文学) | |
| 电子资源: | ||
| ISBN: | 978-7-5325-7105-5 | |
| 000 | 01159nam0 2200265 450 | |
| 001 | 0020141001325 | |
| 005 | 20140610084004.56 | |
| 010 | @a978-7-5325-7105-5@b精装@dCNY20.00 | |
| 100 | @a20140207d2014 em y0chiy0110 ea | |
| 101 | 0 | @achi |
| 102 | @aCN@b310000 | |
| 105 | @ay z 000gy | |
| 106 | @ar | |
| 200 | 1 | @a李煜词集@9li yu ci ji@f(南唐)李煜著 |
| 210 | @a上海@c上海古籍出版社@d2014.01 | |
| 215 | @a175页@d19cm | |
| 304 | @a附:李璟词集 冯延巳词集 | |
| 330 | @a本书系“小精装词系列”丛书之一种。李煜前期词作风格绮丽柔靡,难脱“花间”之风。国亡被俘后在“日夕只以眼泪洗面”的软禁生涯中,以一首首泣尽以血的绝唱,使亡国之君成为千古词坛的“南面王”(清沈雄《古今词话》语)。其后期词作的凄凉悲壮、意境深远,为以后苏、辛的“豪放”派打下了伏笔,并成为词史上承前启后的大家,王国维《人间词话》云:“词至李后主而眼界始大,感慨遂深。”本书备搜李煜词全部作品及后人的评论。书后另附有南唐另外两位词人李璟和冯延巳的词集。 | |
| 333 | @a词文学爱好者 | |
| 606 | 0 | @a词(文学)@x作品集@y中国@z南唐 |
| 606 | 0 | @a词(文学) |
| 690 | @aI222.843.2@v5 | |
| 701 | 0 | @c(南唐)@a李煜@9li yu@4著 |
| 801 | 0 | @aCN@b人天书店@c20140207 |
| 905 | @b847067-70@dI222.843.2@e541@f4 | |
| 李煜词集/(南唐)李煜著.-上海:上海古籍出版社,2014.01 |
| 175页;19cm |
| 使用对象:词文学爱好者 |
| ISBN 978-7-5325-7105-5(精装):CNY20.00 |
| 本书系“小精装词系列”丛书之一种。李煜前期词作风格绮丽柔靡,难脱“花间”之风。国亡被俘后在“日夕只以眼泪洗面”的软禁生涯中,以一首首泣尽以血的绝唱,使亡国之君成为千古词坛的“南面王”(清沈雄《古今词话》语)。其后期词作的凄凉悲壮、意境深远,为以后苏、辛的“豪放”派打下了伏笔,并成为词史上承前启后的大家,王国维《人间词话》云:“词至李后主而眼界始大,感慨遂深。”本书备搜李煜词全部作品及后人的评论。书后另附有南唐另外两位词人李璟和冯延巳的词集。 |
| ● |
| 相关链接 |
|
|
|
|
正题名:李煜词集
索取号:I222.843.2/541
 
预约/预借
| 序号 | 登录号 | 条形码 | 馆藏地/架位号 | 状态 | 备注 |
| 1 | 847067 | 208470670 | 第一样本阅览室/ [索取号:I222.843.2/541] | 在馆 | |
| 2 | 847068 | 208470689 | 第二借阅区/ [索取号:I222.843.2/541] | 在馆 | |
| 3 | 847069 | 208470698 | 第二借阅区/ [索取号:I222.843.2/541] | 在馆 | |
| 4 | 847070 | 208470705 | 第二借阅区/ [索取号:I222.843.2/541] | 在馆 |